Super Bowl Champs Since 2000 - Sudden Death - Statistics

General Stats
  • This quiz has been taken 61 times
  • The average score is 9 of 13
Answers on the Grid
Answers color-coded by a green-red scale on the quiz's grid according to % correct below.
New England Patriots
Green Bay Packers
Atlanta Falcons
Cincinnati Bengals
Tampa Bay Buccaneers
Las Vegas Raiders
Pittsburgh Steelers
San Francisco 49ers
Baltimore Ravens
New Orleans Saints
Denver Broncos
Minnesota Vikings
New York Giants
Carolina Panthers
Indianapolis Colts
Dallas Cowboys
Washington Commanders
Seattle Seahawks
Arizona Cardinals
Chicago Bears
Cleveland Browns
Philadelphia Eagles
Jacksonville Jaguars
Buffalo Bills
Los Angeles Rams
Detroit Lions
Tennessee Titans
Miami Dolphins
Los Angeles Chargers
Kansas City Chiefs
 
Answer Stats
Answer % Correct
New England Patriots
98%
Kansas City Chiefs
78%
Philadelphia Eagles
78%
Green Bay Packers
75%
Pittsburgh Steelers
73%
Seattle Seahawks
70%
New York Giants
68%
Denver Broncos
65%
Tampa Bay Buccaneers
65%
Baltimore Ravens
63%
Los Angeles Rams
63%
New Orleans Saints
63%
Indianapolis Colts
55%
No matching quizzes found
Score Distribution
Percent of People with Each Score
Percentile by Number Answered
Your Score History
You have not taken this quiz